| 000 | 01046cam a2200217 4500 | ||
|---|---|---|---|
| 001 | WB3731-12 | ||
| 008 | 010808n2001 000 0 eng u | ||
| 035 | _a(Sirsi) u114014 | ||
| 245 | _aWilson aims for greener Britain | ||
| 260 | _c2001 | ||
| 490 |
_aDTI Press Release _v(P/2001/420) 3 August 2001, (2) |
||
| 520 | _aIndustry and energy minister launches consultation document on the Renewables Obligation which will drive a major increase in the UK's proportion of green electricity. Proposals hope to secure 10% of electricity sales from renewable energy by 2010 and will give £1bn boost to renewables and encourage new cleaner technologies to extract energy from waste rather than incineration. Consultation document will be available at http://www.dti.gov.uk/consultations/ | ||
| 590 | _aWB | ||
| 650 | _aGREEN ELECTRICITY | ||
| 650 | _aRENEWABLE ENERGY | ||
| 650 | _aGREENHOUSE GASES | ||
| 650 | _aRENEWABLES OBLIGATION | ||
| 650 | _aELECTRICITY MARKET | ||
| 690 | _aENVIRONMENTAL AND LAND CONSULTANCY-ENERGY | ||
| 942 | _n0 | ||
| 999 |
_c67951 _d67951 |
||